உறவுப் பாலம் /
Saved in:
| Main Author: | |
|---|---|
| Format: | Book |
| Language: | English Tamil |
| Published: |
இலங்கை :
பானு வெளியீட்டகம்,
2020.
|
| Subjects: | |
| Tags: |
Add Tag
No Tags, Be the first to tag this record!
|
MARC
| LEADER | 00000nam a22000007a 4500 | ||
|---|---|---|---|
| 005 | 20251207135417.0 | ||
| 008 | 251207b |||||||| |||| 00| 0 eng d | ||
| 020 | |a 9789550503193 | ||
| 041 | |a tam |h tam | ||
| 082 | |a 894.8113 |b நிசார் | ||
| 100 | |a நிசார்.உ |9 50143 | ||
| 245 | |a உறவுப் பாலம் / | ||
| 260 | |a இலங்கை : |b பானு வெளியீட்டகம், |c 2020. | ||
| 300 | |a 32 p. |b ill, Col pic. |c 26 Cm. | ||
| 650 | |a Story. | ||
| 942 | |c BK | ||
| 999 | |c 70416 |d 70416 | ||